[Event "XIV Open"]
[Site "Saint Vincent - Chatillon ITA"]
[Date "2006.10.08"]
[Round "9"]
[White "Martinez, Guido"]
[Black "Mazzetta, Renato"]
[Result "0-1"]
[WhiteElo "1969"]
[BlackElo "1822"]
[PlyCount "70"]
[EventDate "2006.09.30"]

1. c4 Nf6 2. Nf3 d6 3. d4 g6 4. Nc3 Bg7 5. e4 c5 6. d5 O-O 7. h3 Na6 8. Be3 Bd7
9. Be2 Nc7 10. Qd2 a6 11. Bh6 b5 12. Bxg7 Kxg7 13. e5 dxe5 14. Nxe5 bxc4 15. h4
h5 16. Rd1 Nb5 17. Bxc4 Nd6 18. Bd3 Bf5 19. Bxf5 Nxf5 20. Qg5 Qc7 21. Qf4 Qb7
22. Nc4 Nd4 23. O-O Qb4 24. Ne5 Qxc3 25. Rfe1 Qxb2 26. Rd2 Qb7 27. Nc6 Nxc6 28.
dxc6 Qxc6 29. Rxe7 Rad8 30. Rc7 Qb6 31. Rxd8 Rxd8 32. Qe5 Rd1+ 33. Kh2 Qd6 34.
f4 Qxe5 35. fxe5 Ng4+ 0-1

[Event "XIV Open"]
[Site "Saint Vincent - Chatillon ITA"]
[Date "2006.10.08"]
[Round "9"]
[White "Mazza, Maurizio"]
[Black "Baloire, Endy"]
[Result "1-0"]
[WhiteElo "1700"]
[BlackElo "1506"]
[PlyCount "91"]
[EventDate "2006.09.30"]

1. e4 c6 2. d4 d5 3. e5 Bf5 4. Ne2 e6 5. Ng3 Bg6 6. Nd2 c5 7. c3 Nd7 8. Be2 Ne7
9. Nf3 h6 10. O-O Nc6 11. Bd3 Bxd3 12. Qxd3 Be7 13. a3 Qc7 14. Re1 c4 15. Qc2
Rb8 16. Be3 b5 17. Nh5 Bf8 18. Nh4 Ne7 19. f4 g6 20. Ng3 Rb6 21. f5 exf5 22.
Qf2 Qc6 23. Re2 Bg7 24. Rae1 Nf8 25. Bf4 Ne6 26. Bd2 a5 27. Rf1 Rf8 28. Qe1 f4
29. Bxf4 g5 30. Bxg5 Nxg5 31. Nhf5 Nxf5 32. Nxf5 Qg6 33. Qg3 Rg8 34. Qg4 Qe6
35. h4 Bf8 36. hxg5 Rxg5 37. Qf3 Kd8 38. Ref2 Rb7 39. Ne3 Rd7 40. Qe2 Rg7 41.
Rf6 Qe8 42. Qf3 b4 43. Nxd5 bxa3 44. bxa3 Bxa3 45. Ra1 Be7 46. Rxa5 1-0

[Event "XIV Open"]
[Site "Saint Vincent - Chatillon ITA"]
[Date "2006.10.08"]
[Round "9"]
[White "Mondon, Fabrice"]
[Black "Trifunovic, Dusan"]
[Result "1-0"]
[WhiteElo "2001"]
[BlackElo "1985"]
[PlyCount "57"]
[EventDate "2006.09.30"]

1. e4 e5 2. Nf3 Nc6 3. Bb5 Nd4 4. Nxd4 exd4 5. d3 Bc5 6. O-O Ne7 7. Qh5 Bb6 8.
Bc4 O-O 9. Nd2 d6 10. f4 Be6 11. f5 Bxc4 12. Nxc4 f6 13. Rf3 Qe8 14. Qh4 Qf7
15. Rg3 Kh8 16. Bd2 d5 17. Nxb6 axb6 18. a3 dxe4 19. dxe4 c5 20. Rb3 Ra6 21.
Rf1 g5 22. fxg6 Nxg6 23. Qh6 Qe6 24. Rg3 Rg8 25. Rh3 Qe7 26. Rxf6 b5 27. Bg5
Qg7 28. Rxa6 bxa6 29. Bf6 1-0

[Event "XIV Open"]
[Site "Saint Vincent - Chatillon ITA"]
[Date "2006.10.08"]
[Round "9"]
[White "Ortega, Lexy"]
[Black "Tiviakov, Sergei"]
[Result "0-1"]
[WhiteElo "2435"]
[BlackElo "2668"]
[PlyCount "32"]
[EventDate "2006.09.30"]

1. Nf3 Nf6 2. c4 b6 3. g3 Bb7 4. Bg2 e6 5. O-O c6 6. Qa4 Be7 7. Nc3 O-O 8. e4
d5 9. cxd5 cxd5 10. e5 Ne4 11. d3 Nxc3 12. bxc3 Nd7 13. Qg4 Re8 14. Rd1 Rc8 15.
Bh6 Bf8 16. Rac1 f5 0-1

[Event "XIV Open"]
[Site "Saint Vincent - Chatillon ITA"]
[Date "2006.10.08"]
[Round "9"]
[White "Petrescu, Cristian"]
[Black "Pepino, Enrico"]
[Result "1-0"]
[WhiteElo "2070"]
[BlackElo "2187"]
[PlyCount "55"]
[EventDate "2006.09.30"]

1. e4 c5 2. Nf3 d6 3. d4 cxd4 4. Nxd4 Nf6 5. Nc3 g6 6. Be3 Bg7 7. Qd2 Nc6 8. f3
O-O 9. g4 Nxd4 10. Bxd4 Be6 11. O-O-O Qa5 12. a3 Rfc8 13. h4 Rab8 14. h5 b5 15.
hxg6 hxg6 16. Qg5 Qc7 17. e5 Ne4 18. fxe4 dxe5 19. Be3 b4 20. axb4 Rxb4 21. Qh4
Rxb2 22. Rd3 Rxc2+ 23. Kxc2 Bc4 24. Qh7+ Kf8 25. Rd8+ Rxd8 26. Bh6 Bb3+ 27.
Kxb3 Qb6+ 28. Bb5 1-0

[Event "XIV Open"]
[Site "Saint Vincent - Chatillon ITA"]
[Date "2006.10.08"]
[Round "9"]
[White "Pieri, Enzo"]
[Black "Anfuso, Luigi"]
[Result "1-0"]
[WhiteElo "1940"]
[BlackElo "1485"]
[PlyCount "41"]
[EventDate "2006.09.30"]

1. e4 c6 2. d4 d5 3. e5 Bf5 4. Nf3 e6 5. Be2 c5 6. c3 Nc6 7. O-O Bg4 8. Nbd2
Nge7 9. h3 Bxf3 10. Nxf3 cxd4 11. cxd4 Nf5 12. b3 Be7 13. a3 O-O 14. b4 Rc8 15.
Bb2 Qd7 16. Bd3 g6 17. Qd2 Nh4 18. Nh2 Nf5 19. Bb1 Qd8 20. g4 Ng7 21. f4 1-0

[Event "XIV Open"]
[Site "Saint Vincent - Chatillon ITA"]
[Date "2006.10.08"]
[Round "9"]
[White "Poletti, Fausto"]
[Black "Gauer, Jacques"]
[Result "1/2-1/2"]
[WhiteElo "2096"]
[BlackElo "1973"]
[PlyCount "79"]
[EventDate "2006.09.30"]

1. Nf3 c5 2. c4 Nc6 3. Nc3 g6 4. g3 Bg7 5. Bg2 e6 6. O-O Nge7 7. e3 O-O 8. d4
d6 9. Ne2 b6 10. b3 Bb7 11. Bb2 d5 12. cxd5 Nxd5 13. Rb1 cxd4 14. Nexd4 Nxd4
15. Bxd4 Rc8 16. Bxg7 Kxg7 17. Qd4+ Qf6 18. Rbc1 Nc3 19. Rc2 Rc7 20. Qxf6+ Kxf6
21. Nd4 Bxg2 22. Kxg2 Rfc8 23. Rfc1 e5 24. Ne2 Nd5 25. Rxc7 Rxc7 26. Rxc7 Nxc7
27. Nc3 Ke6 28. Kf3 Nd5 29. Nxd5 Kxd5 30. Ke2 b5 31. Kd3 f5 32. f4 exf4 33.
exf4 a5 34. a3 h6 35. h3 Kc5 36. Kc3 b4+ 37. axb4+ axb4+ 38. Kd3 Kd5 39. Ke3
Kc5 40. Kd3 1/2-1/2

[Event "XIV Open"]
[Site "Saint Vincent - Chatillon ITA"]
[Date "2006.10.08"]
[Round "9"]
[White "Roversi, Stefano"]
[Black "Didoni, Renato"]
[Result "0-1"]
[WhiteElo "1857"]
[BlackElo "2076"]
[PlyCount "106"]
[EventDate "2006.09.30"]

1. e4 e5 2. Nf3 d6 3. d4 exd4 4. Nxd4 Nf6 5. Nc3 Nc6 6. Bb5 Bd7 7. O-O a6 8.
Nxc6 bxc6 9. Bc4 Be7 10. f4 O-O 11. f5 Kh8 12. g4 Ng8 13. Qf3 a5 14. Bf4 Bf6
15. Qg3 h6 16. Rad1 Qe7 17. Kh1 Rae8 18. Bd3 Rb8 19. Rg1 Rxb2 20. Ne2 c5 21. g5
hxg5 22. Bxg5 Bxg5 23. Qxg5 Qxg5 24. Rxg5 Nf6 25. Rdg1 Rg8 26. Nf4 Be8 27. Nd5
Nh7 28. Rh5 g6 29. Nf6 Rg7 30. Nxe8 gxh5 31. Nxg7 Nf6 32. Rg5 Nh7 33. Rg1 Nf6
34. h3 Rb8 35. Be2 h4 36. Nh5 Nxe4 37. f6 Rb2 38. Bd3 Nf2+ 39. Kg2 Nxd3 40. Kf3
Ne5+ 41. Ke4 Rxc2 42. Nf4 Rxa2 43. Rg5 Ra4+ 44. Kf5 Ra3 45. Rh5+ Kg8 46. Nd5
Ng6 47. Nxc7 Rf3+ 48. Kg5 a4 49. Nb5 Rd3 50. Kh6 a3 51. Rf5 a2 52. Rf1 Rb3 53.
Nxd6 Rb1 0-1

[Event "C.to Mondiale U20"]
[Site "Yerevan ARM"]
[Date "2006.10.03"]
[Round "1"]
[White "Wang, Li"]
[Black "Brunello, Sabino"]
[Result "1-0"]
[WhiteElo "2226"]
[BlackElo "2460"]
[PlyCount "49"]
[EventDate "2006.10.03"]

1. e4 e5 2. Nf3 Nc6 3. Bb5 a6 4. Ba4 Nf6 5. O-O Be7 6. d3 d6 7. c3 O-O 8. h3 b5
9. Bc2 Bb7 10. Re1 Re8 11. a4 Bf8 12. Na3 b4 13. Nc4 bxc3 14. bxc3 d5 15. exd5
Nxd5 16. Bd2 Bd6 17. Bb3 h6 18. Nh2 Nf6 19. Ng4 Nxg4 20. Qxg4 Qf6 21. Nxd6 Qxd6
22. Re3 Ne7 23. Rg3 Qf6 24. Qh5 Nf5 25. Rg6 1-0

[Event "C.to Mondiale U20"]
[Site "Yerevan ARM"]
[Date "2006.10.07"]
[Round "5"]
[White "Valeanu, Eduard-Andrei"]
[Black "Brunello, Sabino"]
[Result "0-1"]
[WhiteElo "2361"]
[BlackElo "2460"]
[PlyCount "64"]
[EventDate "2006.10.03"]

1. e4 e5 2. Nf3 Nc6 3. Bb5 a6 4. Bxc6 dxc6 5. O-O Bg4 6. h3 Bh5 7. g4 Bg6 8.
Nxe5 Bd6 9. Nxg6 hxg6 10. Qf3 Qh4 11. Kg2 Bf4 12. Nc3 Ne7 13. d4 g5 14. Ne2 Ng6
15. Rh1 Qh6 16. Kf1 Bxc1 17. Rxc1 O-O-O 18. Rd1 Nh4 19. Qe3 Qe6 20. Nc3 Qc4+
21. Rd3 Ng6 22. Qxg5 Rxd4 23. b3 Qb4 24. Qf5+ Kb8 25. Qxf7 Rxd3 26. cxd3 Qxc3
27. Qxg6 Qxd3+ 28. Kg2 Rf8 29. Rf1 Qf3+ 30. Kg1 Rh8 31. Qxg7 Rxh3 32. Qf8+ Qxf8
0-1

[Event "C.to Mondiale U20"]
[Site "Yerevan ARM"]
[Date "2006.10.08"]
[Round "6"]
[White "Brunello, Sabino"]
[Black "Zhao, Jun"]
[Result "0-1"]
[WhiteElo "2460"]
[BlackElo "2539"]
[PlyCount "92"]
[EventDate "2006.10.03"]

1. e4 c5 2. Nf3 d6 3. d4 cxd4 4. Nxd4 Nf6 5. Nc3 a6 6. Be3 e5 7. Nb3 Be6 8. f3
Be7 9. Qd2 O-O 10. O-O-O Nbd7 11. g4 b5 12. g5 b4 13. Ne2 Ne8 14. f4 a5 15. Kb1
a4 16. Nbc1 exf4 17. Nxf4 Bxg5 18. Nxe6 Bxe3 19. Nxd8 Bxd2 20. Rxd2 Rxd8 21.
Rd4 Nef6 22. Rxb4 Nc5 23. Bg2 Rfe8 24. Re1 Nd5 25. Rd4 Nf4 26. Bf3 Nfe6 27. Rd5
f6 28. Nd3 Ng5 29. Nxc5 dxc5 30. Be2 Rxd5 31. Bc4 h5 32. Bxd5+ Kh7 33. Bc6 Rd8
34. Bxa4 Nf3 35. Rh1 g5 36. h3 Kg6 37. Bc6 g4 38. hxg4 hxg4 39. a4 Ne5 40. Bd5
Kg5 41. a5 f5 42. Rh7 f4 43. Re7 Ng6 44. Rg7 Kh6 45. Rg8 Rxd5 46. exd5 f3 0-1

[Event "C.to Mondiale U20"]
[Site "Yerevan ARM"]
[Date "2006.10.09"]
[Round "7"]
[White "Gorovets, Andrey"]
[Black "Brunello, Sabino"]
[Result "0-1"]
[WhiteElo "2368"]
[BlackElo "2460"]
[PlyCount "146"]
[EventDate "2006.10.03"]

1. e4 e5 2. Nf3 Nc6 3. Bb5 a6 4. Ba4 Nf6 5. Bxc6 dxc6 6. d3 Nd7 7. Nbd2 Bd6 8.
Nc4 O-O 9. Bd2 Qe7 10. Qe2 Nc5 11. Be3 Na4 12. O-O c5 13. b3 Nc3 14. Qd2 Nb5
15. c3 Bg4 16. Ne1 Rad8 17. a4 Na7 18. Nc2 Nc6 19. f3 Be6 20. a5 Rd7 21. Bg5 f6
22. Bh4 Rfd8 23. N2e3 Qf7 24. Rfd1 Bf8 25. Qe2 Ne7 26. g4 Nc8 27. Bg3 Nd6 28.
h3 Nb5 29. Rac1 Na7 30. Kg2 Nc6 31. Bh2 Kh8 32. Rb1 Na7 33. Rbc1 Ra8 34. Bxe5
fxe5 35. Nxe5 Qe8 36. Nxd7 Qxd7 37. Nc4 Nc6 38. f4 Bxc4 39. dxc4 Qf7 40. Rf1
Nxa5 41. Rb1 Re8 42. e5 Nc6 43. Rbe1 g5 44. fxg5 Qg8 45. e6 Qxg5 46. Rf7 Bd6
47. Qe4 Qh4 48. Qf3 Nd8 49. Qf6+ Qxf6 50. Rxf6 Be7 51. Rf5 Bd6 52. Rf6 Kg7 53.
g5 Be7 54. Rf4 Bxg5 55. Rg4 Kh6 56. Re5 Bf6 57. Rxc5 Nxe6 58. Rf5 Bxc3 59. Rf7
Be5 60. Rh4+ Kg6 61. Rfxh7 Bg7 62. Kg3 Ng5 63. R7h5 b6 64. Kg4 Re4+ 65. Kg3 Re5
66. Kf4 Rc5 67. Ke3 a5 68. Kd3 Rf5 69. Ke2 Re5+ 70. Kd3 Re1 71. Kc2 Re2+ 72.
Kc1 Re3 73. Kc2 Rc3+ 0-1

[Event "C.to Mondiale U20"]
[Site "Yerevan ARM"]
[Date "2006.10.11"]
[Round "8"]
[White "Brunello, Sabino"]
[Black "Hungaski, Robert Andrew"]
[Result "1-0"]
[WhiteElo "2460"]
[BlackElo "2366"]
[PlyCount "63"]
[EventDate "2006.10.03"]

1. e4 e5 2. Nf3 Nc6 3. d4 exd4 4. Nxd4 Bc5 5. Be3 Qf6 6. c3 Nge7 7. g3 d5 8.
Bg2 dxe4 9. Nd2 Nxd4 10. Nxe4 Qg6 11. Bxd4 Bxd4 12. Qxd4 Nc6 13. Qa4 O-O 14.
O-O b6 15. Nc5 bxc5 16. Bxc6 Rb8 17. b3 Qf6 18. Bg2 c4 19. Qxa7 Be6 20. bxc4
Bxc4 21. Rfb1 Rxb1+ 22. Rxb1 Qxc3 23. a4 Ba2 24. Rf1 c5 25. a5 Qa3 26. Qb6 g6
27. Ra1 c4 28. Bd5 Qd3 29. Qb7 Bb3 30. a6 Qc3 31. Rf1 Bc2 32. a7 1-0

[Event "C.to Mondiale U20"]
[Site "Yerevan ARM"]
[Date "2006.10.12"]
[Round "9"]
[White "Li, Chao"]
[Black "Brunello, Sabino"]
[Result "0-1"]
[WhiteElo "2508"]
[BlackElo "2460"]
[PlyCount "46"]
[EventDate "2006.10.03"]

1. e4 e5 2. Nf3 Nc6 3. Bb5 a6 4. Ba4 Nf6 5. O-O Be7 6. Re1 b5 7. Bb3 O-O 8. d4
d6 9. c3 Bg4 10. a4 Bxf3 11. gxf3 Qd7 12. a5 Qh3 13. Be3 d5 14. Bxd5 Nxd5 15.
exd5 Bd6 16. Bf4 Nxd4 17. Bg3 Nf5 18. Re4 Ne7 19. Bxe5 f5 20. Re3 f4 21. Bxd6
fxe3 22. Bxe7 Rxf3 23. Bh4 exf2+ 0-1

[Event "C.to Mondiale U20"]
[Site "Yerevan ARM"]
[Date "2006.10.13"]
[Round "10"]
[White "Brunello, Sabino"]
[Black "Zhou, Jianchao"]
[Result "1/2-1/2"]
[WhiteElo "2460"]
[BlackElo "2522"]
[PlyCount "49"]
[EventDate "2006.10.03"]

1. e4 c5 2. Nf3 d6 3. d4 cxd4 4. Nxd4 Nf6 5. Nc3 a6 6. Be3 e5 7. Nb3 Be7 8. f3
Be6 9. Qd2 O-O 10. O-O-O Nbd7 11. g4 b5 12. g5 b4 13. Ne2 Ne8 14. f4 a5 15. f5
a4 16. fxe6 axb3 17. exf7+ Rxf7 18. Kb1 bxc2+ 19. Qxc2 Bxg5 20. Bxg5 Qxg5 21.
Ng3 Kh8 22. Bc4 Rf8 23. Nf5 Rc8 24. Qe2 Ndf6 25. Rhf1 1/2-1/2

[Event "C.to Mondiale U20"]
[Site "Yerevan ARM"]
[Date "2006.10.14"]
[Round "11"]
[White "Pashikian, Arman"]
[Black "Brunello, Sabino"]
[Result "1-0"]
[WhiteElo "2527"]
[BlackElo "2460"]
[PlyCount "63"]
[EventDate "2006.10.03"]

1. e4 e5 2. Nf3 Nc6 3. Bb5 a6 4. Ba4 Nf6 5. O-O Be7 6. Re1 b5 7. Bb3 O-O 8. c3
d5 9. exd5 Nxd5 10. Nxe5 Nxe5 11. Rxe5 c6 12. d4 Bd6 13. Re1 Qh4 14. g3 Qh3 15.
Re4 g5 16. Qf1 Qh5 17. Nd2 Bf5 18. f3 Nf6 19. Bc2 g4 20. fxg4 Nxg4 21. Rxg4+
Bxg4 22. Ne4 Be7 23. Nf6+ Bxf6 24. Qxf6 Bd7 25. Bh6 Qg4 26. Rf1 Rae8 27. Bxf8
Rxf8 28. Bf5 Bxf5 29. Rxf5 h6 30. Rf4 Qd1+ 31. Kg2 Qh5 32. Qxc6 1-0

[Event "XVIII Festival A"]
[Site "Lucca ITA"]
[Date "2006.10.07"]
[Round "1"]
[White "De Filomeno, Simone"]
[Black "Ricci, Massimo"]
[Result "1-0"]
[WhiteElo "1971"]
[BlackElo "1817"]
[PlyCount "53"]
[EventDate "2006.10.07"]

1. e4 e6 2. d4 d5 3. e5 c5 4. dxc5 Bxc5 5. Bd3 Qb6 6. Qe2 Ne7 7. Nf3 Bd7 8.
Nbd2 Ng6 9. Nb3 Be7 10. O-O Nc6 11. c3 a5 12. Nbd4 Nxd4 13. cxd4 Rc8 14. Be3 a4
15. g3 a3 16. bxa3 Bxa3 17. Rab1 Qa7 18. Rb3 Rc7 19. Rfb1 O-O 20. Ng5 Rfc8 21.
Qh5 h6 22. Nxf7 Kxf7 23. Qxg6+ Kf8 24. Bxh6 Be8 25. Qf6+ Rf7 26. Bxg7+ Kg8 27.
Bh7+ 1-0

[Event "XXXV Corsicoscacchi A"]
[Site "Corsico ITA"]
[Date "2006.10.07"]
[Round "1"]
[White "Cammarota, Vittorio"]
[Black "Radice, Luca"]
[Result "1-0"]
[WhiteElo "1926"]
[BlackElo "2077"]
[PlyCount "79"]
[EventDate "2006.10.07"]

1. Nf3 d6 2. d4 f5 3. Bf4 Nf6 4. h3 g6 5. c3 Bg7 6. Qb3 h6 7. e3 e6 8. Bd3 O-O
9. Nbd2 a5 10. a4 Na6 11. O-O g5 12. Bxg5 hxg5 13. Bxf5 d5 14. Bg6 g4 15. hxg4
Nxg4 16. Bh5 Nh6 17. Bg6 Nf5 18. e4 Nh4 19. Nxh4 Qxh4 20. exd5 Rf6 21. Qc2 exd5
22. Rae1 Bd7 23. Re5 Qh6 24. Bd3 Rf4 25. Rxd5 Rh4 26. f3 Qe3+ 27. Rf2 Bxa4 28.
b3 Bc6 29. Rf5 Re8 30. Bc4+ Kh8 31. Nf1 Qh6 32. Re2 Nb8 33. Rxe8+ Bxe8 34. Qe2
Bg6 35. Rxa5 Nc6 36. Ra8+ Bf8 37. Qe6 Qg7 38. Rxf8+ Qxf8 39. Qxg6 Rh6 40. Qg3
1-0

[Event "XXXV Corsicoscacchi FIDE"]
[Site "Corsico ITA"]
[Date "2006.10.07"]
[Round "1"]
[White "Buchicchio, Giampaolo"]
[Black "Pace, Pietro Dario"]
[Result "1/2-1/2"]
[WhiteElo "2289"]
[BlackElo "2233"]
[PlyCount "80"]
[EventDate "2006.10.07"]

1. e4 c5 2. c3 Nf6 3. e5 Nd5 4. d4 cxd4 5. Nf3 Nc6 6. cxd4 d6 7. Bc4 Nb6 8. Bb5
Bd7 9. exd6 e6 10. Nc3 Bxd6 11. O-O Ne7 12. Bd3 Nbd5 13. Ng5 Nf6 14. Nce4 Nxe4
15. Nxe4 Bc6 16. Qh5 Bc7 17. Be3 Qd5 18. Qh3 h6 19. Rfc1 Bb6 20. Rc4 Rd8 21. b4
Qd7 22. Nc5 Bxc5 23. Rxc5 b6 24. Rh5 Nd5 25. Qg3 Kf8 26. a3 Bb5 27. Bxb5 Qxb5
28. Rc1 Qd3 29. a4 Qe2 30. Re5 Qa2 31. f4 Qxa4 32. f5 Qd7 33. fxe6 fxe6 34. Bd2
Kg8 35. Rf1 Ne7 36. d5 Nxd5 37. Qg6 Nxb4 38. Rxe6 Qxd2 39. Qf7+ Kh7 40. Qf5+
Kg8 1/2-1/2

[Event "XXXV Corsicoscacchi FIDE"]
[Site "Corsico ITA"]
[Date "2006.10.07"]
[Round "1"]
[White "Fossati, Remigio"]
[Black "Massironi, Marco"]
[Result "1-0"]
[WhiteElo "2163"]
[BlackElo "2193"]
[PlyCount "57"]
[EventDate "2006.10.07"]

1. d4 Nf6 2. c4 g6 3. Nc3 d5 4. Nf3 Bg7 5. Qb3 dxc4 6. Qxc4 O-O 7. e4 a6 8. e5
b5 9. Qb3 Nfd7 10. e6 fxe6 11. Be3 Nb6 12. Rd1 Nd5 13. h4 b4 14. Na4 Nd7 15. h5
N7f6 16. hxg6 hxg6 17. Qc2 Nxe3 18. fxe3 Qd5 19. Nc5 Qf5 20. Bd3 Qg4 21. Rh3
Nd5 22. Qf2 Bf6 23. Rg3 Qh5 24. Bxg6 Qh1+ 25. Kd2 Qh6 26. Bc2+ Kf7 27. Ng5+ Ke8
28. Ba4+ c6 29. Bxc6+ 1-0

[Event "XXXV Corsicoscacchi FIDE"]
[Site "Corsico ITA"]
[Date "2006.10.07"]
[Round "1"]
[White "Vancini, Edoardo"]
[Black "Sbarra, Marco"]
[Result "1-0"]
[WhiteElo "2296"]
[BlackElo "2280"]
[PlyCount "63"]
[EventDate "2006.10.07"]

1. Nc3 d5 2. e4 d4 3. Nce2 e5 4. Ng3 Be6 5. Nf3 f6 6. c3 c5 7. Bb5+ Nd7 8. Qe2
Bd6 9. Nf5 Bxf5 10. exf5 Ne7 11. b4 cxb4 12. cxd4 O-O 13. Bb2 Kh8 14. O-O Nxf5
15. Bxd7 Qxd7 16. dxe5 fxe5 17. Nxe5 Bxe5 18. Qxe5 Rae8 19. Qa5 Qxd2 20. Rab1
Nh4 21. Qxa7 Qd5 22. f3 Nxg2 23. Rbd1 Qg5 24. Kh1 Rf7 25. Qg1 Re2 26. Rfe1 Rxe1
27. Rxe1 Re7 28. Rxe7 Qxe7 29. Qxg2 Kg8 30. Qd2 h5 31. Qd5+ Kf8 32. Be5 1-0

[Event "XXXV Corsicoscacchi FIDE"]
[Site "Corsico ITA"]
[Date "2006.10.07"]
[Round "1"]
[White "Zanetti, Alberto"]
[Black "Ranieri, Fabrizio"]
[Result "1-0"]
[WhiteElo "2180"]
[BlackElo "2229"]
[PlyCount "117"]
[EventDate "2006.10.07"]

1. e4 e6 2. d4 d5 3. e5 c5 4. c3 Nc6 5. Nf3 Qb6 6. a3 cxd4 7. cxd4 Bd7 8. b4
Rc8 9. Be3 f5 10. Bd3 Nh6 11. h3 Nf7 12. Nbd2 Be7 13. Nb3 Ncd8 14. Nc5 Bb5 15.
O-O a6 16. Rc1 Rc7 17. Na4 Bxa4 18. Qxa4+ Nc6 19. Rc2 O-O 20. Rfc1 Rfc8 21. h4
Bf8 22. g3 Ncd8 23. Qe8 Rxc2 24. Rxc2 Rxc2 25. Bxc2 Qc6 26. Qxc6 Nxc6 27. Kf1
a5 28. b5 Ne7 29. a4 b6 30. Bg5 h6 31. Bd2 Nc8 32. h5 Be7 33. Ne1 Ba3 34. f4
Nd8 35. Nf3 Ne7 36. Nh4 Bb2 37. Be3 Kf7 38. Ke2 Bc3 39. Kf3 Be1 40. Bf2 Bb4 41.
g4 fxg4+ 42. Kxg4 Bc3 43. Bb3 Bb2 44. Bc2 Bc3 45. Nf3 Bb2 46. Bh4 Ke8 47. f5
exf5+ 48. Bxf5 Kf7 49. e6+ Ke8 50. Kf4 Ba3 51. Ke5 Nb7 52. Bxe7 Kxe7 53. Kxd5
Nd8 54. Ne5 Nb7 55. Nc4 Bb4 56. Nxb6 Nd6 57. Bd3 Ne8 58. Ke5 Nf6 59. Nd5+ 1-0

[Event "XXXV Corsicoscacchi FIDE"]
[Site "Corsico ITA"]
[Date "2006.10.08"]
[Round "2"]
[White "Pace, Pietro Dario"]
[Black "Fossati, Remigio"]
[Result "1/2-1/2"]
[WhiteElo "2233"]
[BlackElo "2163"]
[PlyCount "28"]
[EventDate "2006.10.07"]

1. e4 c5 2. Nf3 d6 3. c3 Nf6 4. Be2 e5 5. O-O Be7 6. h3 O-O 7. d3 Nc6 8. Re1
Qc7 9. Bf1 Rd8 10. d4 cxd4 11. cxd4 d5 12. exd5 Nxd4 13. Nxd4 exd4 14. Qxd4
Nxd5 1/2-1/2

[Event "XXXV Corsicoscacchi FIDE"]
[Site "Corsico ITA"]
[Date "2006.10.08"]
[Round "2"]
[White "Ranieri, Fabrizio"]
[Black "Massironi, Marco"]
[Result "1-0"]
[WhiteElo "2229"]
[BlackElo "2193"]
[PlyCount "49"]
[EventDate "2006.10.07"]

1. e4 c5 2. Nf3 d6 3. Bb5+ Bd7 4. Bxd7+ Qxd7 5. O-O Nc6 6. c3 Nf6 7. Re1 e6 8.
d4 cxd4 9. Nxd4 Be7 10. c4 O-O 11. Nc3 a6 12. a4 Qc7 13. b3 d5 14. exd5 Nxd4
15. Qxd4 Bc5 16. Qh4 Bb4 17. Re3 Bxc3 18. Rxc3 Qe5 19. Bb2 exd5 20. cxd5 Nxd5
21. Rh3 Qf5 22. Rf3 Qe6 23. h3 Rac8 24. Rd1 Rfe8 25. Qg5 1-0

[Event "XXXV Corsicoscacchi FIDE"]
[Site "Corsico ITA"]
[Date "2006.10.08"]
[Round "2"]
[White "Sbarra, Marco"]
[Black "Buchicchio, Giampaolo"]
[Result "1/2-1/2"]
[WhiteElo "2280"]
[BlackElo "2289"]
[PlyCount "72"]
[EventDate "2006.10.07"]

1. c4 Nf6 2. Nc3 b6 3. d4 Bb7 4. Qd3 d6 5. e4 Nbd7 6. Nf3 e5 7. d5 h6 8. a3 g5
9. Be2 Be7 10. h4 gxh4 11. Nxh4 Nc5 12. Qc2 Nxd5 13. cxd5 Bxh4 14. b4 Nd7 15.
Nb5 Rc8 16. Nxa7 Ra8 17. Nc6 Qf6 18. g3 Bg5 19. f4 exf4 20. Bb2 Ne5 21. Nxe5
dxe5 22. Qxc7 fxg3 23. Qxe5+ Qxe5 24. Bxe5 O-O 25. Bxg3 Rfe8 26. O-O Rxe4 27.
Bf3 Re3 28. a4 Rd3 29. a5 Bd2 30. Bc7 Bxb4 31. Bxb6 Bxd5 32. Rfd1 Rxf3 33. Rxd5
Kh7 34. Ra2 Re8 35. Rf2 Rg8+ 36. Kf1 Rxf2+ 1/2-1/2

[Event "XXXV Corsicoscacchi FIDE"]
[Site "Corsico ITA"]
[Date "2006.10.08"]
[Round "2"]
[White "Zanetti, Alberto"]
[Black "Vancini, Edoardo"]
[Result "0-1"]
[WhiteElo "2180"]
[BlackElo "2296"]
[PlyCount "68"]
[EventDate "2006.10.07"]

1. e4 c5 2. c3 d5 3. exd5 Qxd5 4. Nf3 g6 5. d4 Bg7 6. Be2 cxd4 7. cxd4 Nh6 8.
Nc3 Qa5 9. O-O O-O 10. Qb3 Nf5 11. Rd1 Nc6 12. Qc4 Rd8 13. d5 Ne5 14. Nxe5 Bxe5
15. b4 Qb6 16. Bb2 Bd4 17. Rxd4 Qxd4 18. Qb3 Qf4 19. Rd1 Nd4 20. Qc4 e5 21. Nb5
Bg4 22. Nxd4 Rac8 23. Qb3 exd4 24. Bxg4 Qxg4 25. h3 Qe4 26. Rxd4 Qe1+ 27. Kh2
Qxf2 28. Rg4 Qc2 29. Qa3 Rxd5 30. Qf3 Qc7+ 31. Kg1 Qd6 32. Bc3 Rd1+ 33. Kf2 Rd3
34. Qf6 Rcxc3 0-1

[Event "XXXV Corsicoscacchi FIDE"]
[Site "Corsico ITA"]
[Date "2006.10.08"]
[Round "3"]
[White "Buchicchio, Giampaolo"]
[Black "Ranieri, Fabrizio"]
[Result "0-1"]
[WhiteElo "2289"]
[BlackElo "2229"]
[PlyCount "70"]
[EventDate "2006.10.07"]

1. e4 e6 2. d4 d5 3. Nc3 Nf6 4. e5 Nfd7 5. Nce2 c5 6. c3 Nc6 7. f4 cxd4 8. cxd4
Qb6 9. Nf3 Be7 10. g3 O-O 11. Bh3 f6 12. Bxe6+ Kh8 13. Bxd5 fxe5 14. Bxc6 Qxc6
15. O-O e4 16. Ne1 Nf6 17. Ng2 Bh3 18. Nc3 Rad8 19. Be3 Ng4 20. Qe2 Nxe3 21.
Qxe3 Rxd4 22. Kh1 Rd3 23. Qe2 e3 24. Qf3 Rd2 25. Qxc6 bxc6 26. Rg1 Rxb2 27.
Nxe3 Bf6 28. Ne4 Re8 29. Nc4 Rxe4 30. Nxb2 Bxb2 31. Rab1 Re2 32. g4 h5 33. gxh5
Bf5 34. Rge1 Be4+ 35. Kg1 Bd4+ 0-1

[Event "XXXV Corsicoscacchi FIDE"]
[Site "Corsico ITA"]
[Date "2006.10.08"]
[Round "3"]
[White "Fossati, Remigio"]
[Black "Vancini, Edoardo"]
[Result "0-1"]
[WhiteElo "2163"]
[BlackElo "2296"]
[PlyCount "103"]
[EventDate "2006.10.07"]

1. d4 Nf6 2. c4 Nc6 3. Nf3 e6 4. a3 d6 5. Nc3 g6 6. e4 Bg7 7. Be2 O-O 8. d5 Ne5
9. Nd2 exd5 10. cxd5 c6 11. O-O cxd5 12. exd5 Bf5 13. Nb3 Ne4 14. Nxe4 Bxe4 15.
f3 Qb6+ 16. Kh1 Bf5 17. f4 Nd7 18. Bd3 Bg4 19. Qxg4 Qxb3 20. Qf3 Rfe8 21. a4
Nf6 22. Ra3 Qxd5 23. Qxd5 Nxd5 24. Bb5 Re4 25. Rd3 Bd4 26. Rfd1 Rc8 27. Bd7 Rc2
28. Bg4 Nb4 29. Rb3 Bc5 30. Bf3 Rec4 31. Bd2 Nd5 32. Rd3 Nxf4 33. Bxf4 Rxf4 34.
b3 b6 35. h3 Kg7 36. Re1 Kf6 37. Red1 h5 38. Re1 Rb2 39. Red1 Kg5 40. Rd5+ Kh4
41. R5d3 Kg5 42. Rd5+ f5 43. R5d3 Rh4 44. Rf1 Kf6 45. Bc6 Rb4 46. Bd5 Rd4 47.
Rxd4 Bxd4 48. Rd1 Be5 49. Kg1 g5 50. Kf1 g4 51. hxg4 hxg4 52. Kg1 0-1

[Event "XXXV Corsicoscacchi FIDE"]
[Site "Corsico ITA"]
[Date "2006.10.08"]
[Round "3"]
[White "Massironi, Marco"]
[Black "Zanetti, Alberto"]
[Result "1/2-1/2"]
[WhiteElo "2193"]
[BlackElo "2180"]
[PlyCount "36"]
[EventDate "2006.10.07"]

1. e4 c6 2. Nf3 d5 3. exd5 cxd5 4. Ne5 Nc6 5. d4 Nf6 6. Bb5 Bd7 7. Nxd7 Qxd7 8.
c3 e6 9. O-O Bd6 10. Nd2 O-O 11. Re1 a6 12. Bd3 e5 13. dxe5 Nxe5 14. Nf3 Rfe8
15. Nxe5 Bxe5 16. Bg5 h6 17. Bxf6 Bxf6 18. Qh5 Qd6 1/2-1/2

[Event "XXXV Corsicoscacchi FIDE"]
[Site "Corsico ITA"]
[Date "2006.10.08"]
[Round "3"]
[White "Pace, Pietro Dario"]
[Black "Sbarra, Marco"]
[Result "1/2-1/2"]
[WhiteElo "2233"]
[BlackElo "2280"]
[PlyCount "83"]
[EventDate "2006.10.07"]

1. e4 e5 2. Nf3 Nc6 3. Bb5 a6 4. Bxc6 dxc6 5. O-O Ne7 6. d3 Ng6 7. Be3 c5 8.
Nbd2 f6 9. Qe2 Bg4 10. h3 Be6 11. c3 Bd6 12. d4 cxd4 13. cxd4 Qe7 14. Nc4 exd4
15. Nxd4 Bf4 16. Nxe6 Qxe6 17. Bc5 Kf7 18. b3 Rhe8 19. Rae1 b6 20. Bd4 Rad8 21.
Bc3 b5 22. Nb2 Qc6 23. Nd1 Rxd1 24. Qxd1 Qxc3 25. Qd5+ Kf8 26. g3 Bxg3 27. Re3
Bxf2+ 28. Kxf2 Qb2+ 29. Re2 Qe5 30. Qxe5 Nxe5 31. Ke3 Kf7 32. Rc1 c6 33. Rd1
Ke7 34. Rg2 g5 35. h4 g4 36. h5 Rc8 37. Kf4 Rg8 38. Rgd2 Rg5 39. Rh1 Rg8 40.
Re1 Rg5 41. Rh1 Rg8 42. Rhd1 1/2-1/2